Diferenciálny počet funkcie jednej premennej

Gespeichert in:
Bibliographische Detailangaben
1. Verfasser: Huťka, Vladimír
Format: Buch
Sprache:Slowakisch
Veröffentlicht: Bratislava Vysoká škola ekonomická v Bratislave 1980
Schriftenreihe:Metodické zošity z matematiky pre poslucháčov štúdia popri zamestnaní Zošit 2.
Tags: Tag hinzufügen
Keine Tags, Fügen Sie das erste Tag hinzu!

MARC

LEADER 00000nam a2200000 4500
001 0216195
005 20240109105433.6
041 0 |a slo 
044 |a SK 
245 1 0 |a Diferenciálny počet funkcie jednej premennej  |c Vladimír Huťka 
264 1 |a Bratislava  |b Vysoká škola ekonomická v Bratislave  |c 1980 
300 |a 125 s. 
490 1 |a Metodické zošity z matematiky pre poslucháčov štúdia popri zamestnaní  |v Zošit 2. 
830 0 |a Metodické zošity z matematiky pre poslucháčov štúdia popri zamestnaní  |v Zošit 2. 
100 1 |a Huťka, Vladimír